| 000 | 01532cam a2200409 i 4500 | ||
|---|---|---|---|
| 999 |
_c535324 _d535324 |
||
| 001 | 20337003 | ||
| 003 | NUST | ||
| 005 | 20200903141341.0 | ||
| 008 | 180202s2016 pk b 001 0 eng | ||
| 010 | _a 2018322106 | ||
| 020 | _a9789694481678 | ||
| 025 | _aP-E-2018322106; 17; 35 | ||
| 037 | _bLibrary of Congress -- Islamabad Overseas Office | ||
| 038 | _aMSOHAIL320.557 | ||
| 040 |
_aDLC _beng _cDLC _erda |
||
| 041 | 1 |
_aeng _hurd |
|
| 042 |
_alcode _apcc |
||
| 050 | 0 | 0 |
_aBP166.9 _b.M3813 2018 |
| 082 |
_a320.557 _bMAW |
||
| 100 | 1 |
_aMaudoodi, Syed Abul ʻAla, _d1903-1979, _eauthor. _929814 |
|
| 240 | 1 | 0 |
_aK̲h̲ilāfat o mulūkiyyat. _lEnglish |
| 245 | 1 | 0 |
_aIslam's political order : _bthe model, deviations and Muslim response : al-Khilāfah wa al-mulūkīyah / _ctranslated by Tarik Jan ; edited by Anis Ahmad. |
| 246 | 3 | _aSayyid Abuʼl Aʻla Mawdūdī Islam's political order | |
| 246 | 3 | 0 | _aKhilāfah wa al-Mulūkīyah |
| 264 | 1 |
_aIslamabad : _bInstitute of Policy Studies, _c2018. |
|
| 300 |
_axli, 241 pages ; _c25 cm |
||
| 336 |
_atext _btxt _2rdacontent |
||
| 337 |
_aunmediated _bn _2rdamedia |
||
| 338 |
_avolume _bnc _2rdacarrier |
||
| 504 | _aIncludes bibliographical references (pages 228-233) and index. | ||
| 650 | 0 |
_aCaliphate. _929815 |
|
| 700 | 1 |
_aAhmad, Anis, _d1944- _eeditor. _929816 |
|
| 710 | 2 |
_aInstitute of Policy Studies (Islāmābād, Pakistan) _96598 |
|
| 906 |
_a7 _bcbc _corigode _d3 _encip _f20 _gy-gencatlg |
||
| 942 |
_2ddc _cBK |
||